| 000 | 00000nam##2200000za#4500 |
| 001 | 9.571694 |
| 003 | CaOODSP |
| 005 | 20211126112845 |
| 007 | cr ||||||||||| |
| 008 | 150406|1999||||xxc|||||o f|0| 0 eng|d |
| 022 | |a1701-9397 |
| 040 | |aCaOODSP|beng |
| 043 | |an-cn--- |
| 086 | 1 |aFB3-2/99-10E-PDF |
| 110 | 2 |aBank of Canada. |
| 245 | 10|aReal effects of collapsing exchange rate regimes : |h[electronic resource]|ban application to Mexico / |cby Patric N. Osakwe and Lawrence L. Schembri. |
| 260 | |aOttawa - Ontario : |bBank of Canada |cApril 1999. |
| 300 | |a41p.|bgraphs, references, tables |
| 490 | 1 |aBank of Canada working paper|x1701-9397|v99-10 |
| 500 | |a"This paper examines the impact of a collapsing exchange rate regime on output in an open economy in which shocks to capital flows and exports predominate. A sticky-price rational expectations model is used to compare the variability of output under the collapsing regime to that under alternative fixed and flexible regimes."--Abstract. |
| 500 | |aThe ISBN (0-662-27859-3) and ISSN (1192-5434) for the print edition have been incorrectly copied in this electronic publication. |
| 520 | 3 |aThis paper examines the impact of a collapsing exchange rate regime on output in an open economy in which shocks to capital flows and exports predominate. A sticky-price rational expectations model is used to compare the variability of output under the collapsing regime to that under alternative fixed and flexible regimes.--Abstract |
| 546 | |aRésumé en français. |
| 590 | |a11-20-Supp|b2011-09-29 |
| 690 | 07|aExchange rates|2gcpds |
| 690 | 07|aCurrency|2gcpds |
| 720 | 1 |aOsakwe, Patrick N. |
| 720 | 1 |aSchembri, Lawrence L. |
| 776 | 0#|tReal effects of collapsing exchange rate regimes : |w(CaOODSP)9.614828 |
| 830 | #0|aWorking paper (Bank of Canada)|x1701-9397|v99-10|w(CaOODSP)9.504604 |
| 856 | 40|ahttp://publications.gc.ca|qPDF|s139 KB|uhttps://publications.gc.ca/collections/Collection/FB3-2-99-10E.pdf|y99-10 |